Gaming Quiz

Random Gaming Quiz
Score 0/53 Timer 07:00
0 Plays Today
% Correct
Optimus Prime
93.3%
Bumblebee
91.7%
Megatron
89.3%
Jazz
88.7%
Starscream
85.7%
Ironhide
85%
Grimlock
83.3%
Ratchet
82.3%
Brawl
82%
Cliffjumper
81.3%
Jetfire
79.7%
Soundwave
79.3%
Slug
77%
Swoop
76.7%
Shockwave
75.7%
Vortex
71.3%
Air Raid
70.7%
Snarl
69.7%
Swindle
69.2%
Onslaught
69%
Warpath
68.7%
Thundercracker
68.7%
Metroplex
68.3%
Skywarp
68.3%
Silverbolt
67.7%
Sludge
65.7%
Bruticus
65.7%
% Correct
Blast Off
65%
Barricade
58.7%
Kickback
56.3%
Trypticon
56.3%
Breakdown
55%
Arcee
54%
Rumble
53.7%
Ultra Magnus
50.7%
Perceptor
48%
Hardshell
47.7%
Frenzy
47%
Wheeljack
45.3%
Hound
41.3%
Sentinel Prime
41%
Lazerbeak
38%
Sharpshot
37.7%
Slipstream
35.3%
Dead End
33%
Scattershot
28%
Quake
21.7%
Demolishor
21.3%
Omega Surpreme
20.3%
Insecticon swarm
16%
The High council
15.3%
Sideswap
14.3%
Cybertron
10.7%
Remove Ads.
Support Sporcle.
Get the best of Sporcle when you Go Orange. This ad-free experience offers more features, more stats, and more fun while also helping to support Sporcle. Thank you for becoming a member.

You're not logged in!

Compare scores with friends on all Sporcle quizzes.
OR
Log In

Show Comments

Extras

Created Jan 22, 2013ReportNominate

Top Quizzes Today


Score Distribution

Your Account Isn't Verified!

In order to create a playlist on Sporcle, you need to verify the email address you used during registration. Go to your Sporcle Settings to finish the process.

Report this User

Report this user for behavior that violates our Community Guidelines.

Details: